Current European Football Champions - Statistics

General Stats
  • This quiz has been taken 28 times
    14 since last reset
  • The average score is 18 of 46
Answer Stats
Country Answer % Correct
Germany Bayern München
92%
Andorra Inter Club d'Escaldes
92%
Italy Internazionale
92%
England Manchester City
92%
Spain Atlético Madrid
83%
Scotland Rangers FC
83%
Portugal Sporting CP
83%
Netherlands AFC Ajax
75%
Belgium Club Brugge
75%
Russia Zenit Saint Petersburg
75%
Croatia Dinamo Zagreb
67%
Greece Olympiacos FC
67%
Denmark Brøndby IF
58%
France Lille OSC
58%
Czechia Slavia Praha
58%
Switzerland BSC Young Boys
50%
Ukraine Dynamo Kyiv
50%
Serbia FK Crvena zvezda
50%
Poland Legia Warszawa
50%
Sweden Malmö FF
50%
Finland HJK
42%
Bulgaria Ludogorets Razgrad
42%
Hungary Ferencvárosi TC
33%
Norway FK Bodø/Glimt
33%
Austria Red Bull Salzburg
33%
Romania CFR Cluj
25%
Faroe Islands
25%
Ireland Shamrock Rovers
25%
Slovakia Slovan Bratislava
25%
Kosovo FC Prishtina
17%
Gibraltar Lincoln Red Imps
17%
Slovenia NŠ Mura
17%
Moldova Sheriff Tiraspol
17%
Iceland Vikingur
17%
Bosnia and Herzegovina Borac Banja Luka
8%
Montenegro Budućnost Podgorica
8%
North Macedonia KF Shkëndija
8%
Estonia FCI Levadia
8%
Lithuania FK Žalgiris
8%
Luxembourg Fola Esch
8%
Malta Ħamrun Spartans
8%
Northern Ireland Linfield FC
8%
Latvia RFS
8%
Wales Connah's Quay Nomads
0%
Albania KF Teuta
0%
San Marino SS Folgore
0%
No matching quizzes found
Score Distribution
Percent of People with Each Score
Percentile by Number Answered
Your Score History
You have not taken this quiz since the last reset